000 00439nam a22001697a 4500
005 20160613134738.0
008 160613b xxu||||| |||| 00| 0 eng d
020 _a81-259-1073-5
041 _aeng
082 _b7205
100 _aChandhuri, Arindam
_91785
245 _aCount your chickens be fore they Hatch
260 _aNew Delhi
_bVikas Publishing House (P) Ltd.
_c2001
300 _a192
650 _aManagement
_9241
942 _cBK
999 _c2510
_d2509